Rozcvičenie vo futbale
Gespeichert in:
| 1. Verfasser: | |
|---|---|
| Format: | Buch |
| Sprache: | Slowakisch |
| Veröffentlicht: |
Bratislava :
Slovenský futbalový zväz,
2001
|
| Ausgabe: | 1. vyd. |
| Schlagworte: | |
| Tags: |
Keine Tags, Fügen Sie das erste Tag hinzu!
|
MARC
| LEADER | 00000nam a22000003a 4500 | ||
|---|---|---|---|
| 001 | stu78886 | ||
| 005 | 20150617225643.7 | ||
| 008 | 030131s2001----xo------------------slo-d | ||
| 020 | |a 80-967012-1-5 | ||
| 040 | |a STU |b slo | ||
| 041 | 0 | |a slo | |
| 044 | |a xo | ||
| 080 | |a 796 | ||
| 100 | 1 | |a Holienka, Miroslav |4 aut | |
| 245 | 1 | |a Rozcvičenie vo futbale | |
| 250 | |a 1. vyd. | ||
| 260 | |a Bratislava : |b Slovenský futbalový zväz, |c 2001 | ||
| 300 | |a 136 s | ||
| 650 | 7 | |a výchova telesná |2 stusub | |
| 650 | 7 | |a futbal |2 stusub | |
| 996 | |b 284M038988 |c M*11034-1 |l MMKN |s A |a 24 |w stu78886_0001 | ||